Report of the Mysore Pay Commission, 1966-68 (Record no. 489323)
[ view plain ]
| 000 -LEADER | |
|---|---|
| fixed length control field | 00410cam a22001337a 4500 |
| 008 - FIXED-LENGTH DATA ELEMENTS--GENERAL INFORMATION | |
| fixed length control field | 180718b1968 xxu||||| |||| 00| 0 eng d |
| 082 ## - DEWEY DECIMAL CLASSIFICATION NUMBER | |
| Classification number | K23x5444 M999 |
| 100 ## - MAIN ENTRY--PERSONAL NAME | |
| Personal name | Mysore. Pay Commission |
| 245 ## - TITLE STATEMENT | |
| Title | Report of the Mysore Pay Commission, 1966-68 |
| 260 ## - PUBLICATION, DISTRIBUTION, ETC. | |
| Place of publication, distribution, etc. | Bangalore |
| Name of publisher, distributor, etc. | The author |
| Date of publication, distribution, etc. | 1968 |
| 300 ## - PHYSICAL DESCRIPTION | |
| Extent | 4v. |
| 500 ## - GENERAL NOTE | |
| General note | Contents: v.1. 358+p;v.2. p.359-884;v.3. p.885-1383 |
| 700 ## - ADDED ENTRY--PERSONAL NAME | |
| Personal name | Tukol, T.K. (Chairman) |
| Withdrawn status | Lost status | Damaged status | Not for loan | Permanent Location | Current Location | Date acquired | Full call number | Barcode | Date last seen | Price effective from | Koha item type |
|---|---|---|---|---|---|---|---|---|---|---|---|
| Indian Institute of Public Administration | Indian Institute of Public Administration | 2018-08-04 | K23x5444 M999 | GG9130 | 2018-08-04 | 2018-08-04 | GG | ||||
| Indian Institute of Public Administration | Indian Institute of Public Administration | 2018-08-04 | K23x5444 M999 | GG9129 | 2018-08-04 | 2018-08-04 | GG | ||||
| Indian Institute of Public Administration | Indian Institute of Public Administration | 2018-08-04 | K23x5444 M999 | GG9128 | 2018-08-04 | 2018-08-04 | GG | ||||
| Indian Institute of Public Administration | Indian Institute of Public Administration | 2018-08-04 | K23x5444 M999 | GG9127 | 2018-08-04 | 2018-08-04 | GG |
